| 000 | 01041cam a2200265 a 4500 | ||
|---|---|---|---|
| 001 | 000018083 | ||
| 005 | 20200929165339.0 | ||
| 008 | 830120s1981 ho 000 p spa d | ||
| 040 |
_aDO-SdBNP _bspa _cBNPHU |
||
| 082 |
_aHo861.7283 _bC574p |
||
| 245 | 0 | 0 |
_aCinco poetas hondurenos / _cselección y prólogo Hernan Antonio Bermudez. |
| 260 |
_aTegucigalpa, Honduras : _bGuaymuras, _c1981. |
||
| 300 |
_a102 p. ; _c21 cm. |
||
| 490 | 1 | _aSalamandra | |
| 505 | 0 | _aPrólogo -- Alexis Ramírez -- Rigoberto Paredes -- José Luis Quesada -- Ricardo Maldonado -- Horacio Castellanos Moya. | |
| 600 | 1 | 0 |
_aRAMÍREZ, ALEXIS, _939189 |
| 600 | 1 | 0 |
_aPAREDES, RIGOBERTO, _d1948- _939190 |
| 600 | 1 | 0 |
_aQUESADA, JOSÉ LUIS, _d1948- _939191 |
| 600 | 1 | 0 |
_aMALDONADO, RICARDO, _d1958- _939192 |
| 600 | 1 | 0 |
_aCASTELLANOS MOYA, HORACIO, _d1957- _939193 |
| 650 | 4 |
_aPoetas hondureños _ySIGLO XX _939194 |
|
| 650 | 4 |
_aPoesía hondureña _ySIGLO XX _939195 |
|
| 650 | 4 |
_aLiteratura hondureña _ySIGLO XX _939196 |
|
| 700 | 1 |
_aBermudez, Hernan Antonio, _epról. _939197 |
|
| 999 |
_c17605 _d17605 |
||